| 000 | 00744cam a2200229 a 4500 | ||
|---|---|---|---|
| 001 | 000004849 | ||
| 005 | 20200929151522.0 | ||
| 008 | 020927s2001 gt 001 p spa | ||
| 020 | _a9992200774 | ||
| 040 |
_aDO-SdBNP _cDLC |
||
| 082 |
_a861.5 _bC172p |
||
| 100 | 1 |
_aCamacho Fahsen, Cristina _914067 |
|
| 245 | 1 | 0 |
_aProfundidad sidérea / _cCristian Camacho Fahsen. |
| 260 |
_aGuatemala : _bCultura, _c2001. |
||
| 300 |
_a75 p. ; _c21 cm. |
||
| 490 | 1 |
_aPoesía Guatemalteca ; _vno. 26 |
|
| 490 | 1 |
_aSerie Rafael Landívar ; _vno. 26 |
|
| 650 | 4 |
_aPoesía guatemalteca _914068 |
|
| 650 | 4 |
_aLiteratura guatemalteca _95393 |
|
| 830 | 0 |
_aPoesía Guatemalteca ; _pSerie Rafael Landívar : _vno. 26 _914069 |
|
| 910 | _aCatalogación por copia / LC | ||
| 999 |
_c4655 _d4655 |
||